World Capitals by Picture Clue - Statistics

General Stats
  • This quiz has been taken 38 times
  • The average score is 6 of 16
Answer Stats
Picture Hint Answer % Correct
North America Ottawa
94%
Asia Kuala Lumpur
72%
Europe Budapest
66%
South America Quito
50%
Africa Cape Town
47%
Asia Beijing
44%
Asia Seoul
44%
Asia Muscat
41%
Europe Moscow
22%
Europe Warsaw
22%
Africa Tripoli
19%
Asia Ankara
13%
Asia Beirut
9%
Asia Amman
6%
Europe Stockholm
6%
Asia Taipei
3%
No matching quizzes found
Score Distribution
Percent of People with Each Score
Percentile by Number Answered
Your Score History
You have not taken this quiz